000
00313nam a2200133Ia 4500
008
220204s9999 xx 000 0 und d
082
_a
581
_b
BOL
100
_a
BOLD, HAAROLD C
245
0
_a
Plant kingdom
250
_a
Ed.2
260
_a
New Delhi
_b
Prentice Hall
_c
1968
650
_a
Plant taxonomy
942
_c
BK
999
_c
21063
_d
21063